000 01265nam a22002537a 4500
001 2162214035926739
003 UA-OsUOA
005 20260427163527.0
008 260427b -uk||||| |||| 00| fdeng d
020 _a9780140027662
040 _aUA-OsUOA
_beng
_cUA-OsUOA
_dUA-OsUOA
041 _aeng
080 _a821.111
090 _a821.111
_bG78
100 _aGreene G.
_925100
245 _aThe Comedians
_cGraham Greene
260 _aLondon
_aNew York
_bPenguin Books
_c1976
300 _a287 p.
520 _aThe novel is a dark, gripping study of people caught in a nightmare of corruption and violence, forcing them to decide whether to remain "actors" in a tragic comedy or face the grim reality of revolution. The story follows three men, nicknamed "the comedians," who meet on a ship bound for Port-au-Prince: Brown: A cynical hotel owner struggling to reclaim his property and his mistress. Smith: An idealistic American vegetarian running for a "painless" political cause. Jones: A mysterious con artist claiming to be a war hero.
650 _a821 Художня література окремими мовами і мовними сім'ями
_917
942 _cBK
_2udc
955 _a3
999 _c282941
_d282941